000 00794nam a2200253Ia 4500
003 OSt
005 20220923211230.0
006 a|||||r|||| 00| 0
007 ta
008 Pun
020 _a9788171166077 (hbk)
_c475
024 _a280,648
037 _b812, 09/03/2014, H.K. Prakashan
_cTextual
040 _aARTS
_cARTS
_bPun
041 _2Pun
_aPun
082 _aO153,2N371:g, Q3
100 _aਰਵਿੰਦਰ ਰਵੀ
_9156278
245 0 _aਮੇਰੇ ਕਾਵਿ ਨਾਟਕ
260 _aਦਿੱਲੀ
_b ਨੈFਨਲ ਬੁਕ Fਾਪ
_c2013
300 _a334ਪੰ
_ccm.
650 _aਪੰਜਾਬੀ ਸਾਹਿਤ
942 _hO153,2N371:g, Q3
_cTEXL
_2CC
999 _c297342
_d297342